Gaming Quiz

Random Gaming Quiz

Goodgame Galaxy Buildings Quiz Stats

Quiz not verified by Sporcle

Also try: Mario Kart Games
Challenge
Share
Tweet
Embed
Score 0/30 Timer 04:00
0 Plays Today
Category Building % Correct
Gun TurretsPlasma Gun
100%
CivilianSilo
50%
CivilianCommand Center
50%
MilitaryFactory
50%
Gun TurretsLaser Cannon
50%
Gun TurretsEMP Projector
50%
Gun TurretsRailgun
50%
Support CentersTitanium Mill
50%
Support CentersSilicon Refinery
50%
Support CentersEnergy Condenser
50%
Support CentersForce Field Generator
50%
CivilianHabitat Module
0%
CivilianTitanium Plant
0%
CivilianSilicon Smelter
0%
CivilianFusion Reactor
0%
Category Building % Correct
CivilianSpaceport
0%
MilitaryResearch Center
0%
MilitaryPortal
0%
MilitaryHangar
0%
Gun TurretsIon Gatling
0%
Public BuildingsMedia Tower
0%
Public BuildingsDisco
0%
Public BuildingsVideo Wall
0%
Public BuildingsTheater
0%
Public BuildingsDaylight Lamp
0%
Public BuildingsDiner
0%
Public BuildingsLibrary
0%
Public BuildingsTennis Court
0%
Public BuildingsWorkshop
0%
Public BuildingsCoffee Bar
0%

You're not logged in!

Compare scores with friends on all Sporcle quizzes.
Join for Free
OR
Log In

You Might Also Like...

Show Comments

Extras

Created Apr 6, 2013ReportNominate
Tags:building, category, galaxy

Top Quizzes Today


Score Distribution

Your Account Isn't Verified!

In order to create a playlist on Sporcle, you need to verify the email address you used during registration. Go to your Sporcle Settings to finish the process.

Report this User

Report this user for behavior that violates our Community Guidelines.

Details: